000
00265 a2200109 4500
001
63938
082
_a
629.8 JOH
090
_c
37786
_d
37786
100
_a
Johnson,M.A
245
_a
PID Control: New Identification and design methods
260
_a
UK
_b
Springer
_c
2005
942
_a
NUST-CAE
_k
629.8 JOH
999
_c
299011
_d
299011